000 00665nam a22002417a 4500
003 UA-OsUOA
001 114888
007 ta
008 20151125b un ||||| |||| 00| 0 ukr d
100 _aФерреро Б.
090 _a821.161.2
_bФ43
942 _cBK
040 _aUA-OsUOA
_bukr
_cUA-OsUOA
_dUA-OsUOA
245 _aЗолоті вікна
_bдля вчителів і катехитів
300 _a204 с.
955 _a3
041 _aukr
080 _a821.161.2
020 _a978-966-395-198-0
260 _aЛьвів
_bСвічадо
_c2009
650 7 _a82 Література. Літературознавство
_2UDC
999 _c400919
_d400919